000 00684cam a2200217 4500
001 WB3603-07
008 000000n2000 000 0 eng u
035 _a(Sirsi) u103697
245 _aChanges in space trends
260 _c2000
490 _aWestern Mail
_v19 January 2000, 21(1)
520 _aLooks at trends in the office market in Cardiff since 1972, and dicusses prospects for the future.
590 _aWB
650 _aCARDIFF
650 _aWALES
650 _aMARKET TRENDS
650 _aPROPERTY-COMMERCIAL PROPERTY-OFFICE PROPERTY-OFFICE PROPERTY MARKET
650 _aHISTORY
690 _aPROPERTY-COMMERCIAL PROPERTY-COMMERCIAL PROPERTY MARKET
942 _n0
999 _c62273
_d62273